| 000 | 00626nam a2200205 u 4500 | ||
|---|---|---|---|
| 005 | 20240919064422.0 | ||
| 008 | 100628s2004 r 000 0 eng d | ||
| 020 | _a9702211425 | ||
| 035 | _aUPN01000177013 | ||
| 049 | _aCG | ||
| 050 | 4 |
_aHF1025 _bD7.2 |
|
| 100 | 1 | _aDrouin, Jean-Claude | |
| 245 | 1 | 0 |
_aAgentes de la economía mundial : _b¿quiénes mueven el mundo? / _cJean-Claude Drouin. |
| 260 |
_aParís : _bLarousse, _c2004. |
||
| 300 |
_a126 p. : _bil., mapas |
||
| 440 | 0 | _aLarousse el mundo contemporáneo | |
| 650 | 4 |
_aGeografía económica _916257 |
|
| 650 | 4 |
_aEconomía internacional _914629 |
|
| 905 | _aLibro | ||
| 999 |
_c149116 _d149116 |
||